| 000 | 00783nam a2200229 a 4500 | ||
|---|---|---|---|
| 001 | BRCA_5789 | ||
| 005 | 20190320205221.0 | ||
| 008 | 100311s2010----mx-a######---#000-0#spa-# | ||
| 020 | _a9786074621631 | ||
| 041 | _aspa | ||
| 044 | _amx | ||
| 050 | 4 |
_aLA430.M4 _b.E38 2010 |
|
| 245 | 1 | 0 |
_aHistoria mínima de la educación en México _cPablo Escalante Gonzalbo ... [et al.] ; coordinadora Dorothy Tanck de Estrada. |
| 260 |
_aMéxico _bEl Colegio de México _c2010 |
||
| 300 |
_a261 p. _bil. _c21 cm. |
||
| 500 | _aIncluye fichas técnicas e índice analítico | ||
| 504 | _aBibliografía: p. 244-247 | ||
| 650 | 1 | 4 |
_aEducación _xHistoria _zMéxico _94076 |
| 700 | 1 |
_aEscalante Gonzalbo, Pablo _d1963- _914679 |
|
| 700 | 1 |
_aTanck de Estrada, Dorothy _ecoord. _96145 |
|
| 942 |
_2lcc _cB |
||
| 999 |
_c5478 _d5478 |
||